Microsoft Visual C++ : Windows Primer /

Hlavní autor: Gurganus, Keith
Další autoři: Alexander, Danny
Jazyk: Angličtina
Vydáno: Boston : Academic Press, c1994
Témata:
Fyzický popis: xii, 346 s. ; 24 cm
Knihy
Uloženo v:
LEADER 00807nam a2200241 a 4500
001 000057212
003 CZ BrMZK
005 19960113143423.0
008 980903s1994 xxu f eng d
020 |a 0-12-308650-7 
040 |a BOA001  |b cze 
080 |a 519.682 Visual C++  |2 MRF 
100 1 |a Gurganus, Keith  |4 aut 
245 1 0 |a Microsoft Visual C++ :  |b Windows Primer /  |c Keith Gurganus, Danny Alexander. 
246 1 4 |a Visual C++ 
260 |a Boston :  |b Academic Press,  |c c1994 
300 |a xii, 346 s. ;  |c 24 cm 
500 |a - Ke knize vyd. 1 stejnojm. disketa: sig=DIS-0263.880. - Rejstř. 
653 0 |a Visual C++ 
700 1 |a Alexander, Danny  |4 aut 
910 |a BOA001  |b TK-0258.101 
990 |a BK 
996 7 |b 2620002635  |c TK-0258.101  |l MZK  |r Sklad / do 24 hodin  |n 21  |p kup  |w 000057212  |u 000010  |a 1  |e BOA001  |j MZK50  |s A